000 00990cam a2200217 4500
001 ABS64375
008 010828n2001 000 0 eng u
035 _a(Sirsi) u114339
100 _aMcDowell, E
245 _aDefining the PPP market
260 _c2001
490 _aFacilities Management
_v8(11) August 2001, 8-9(2)
520 _aReviews the growth of PPP in facilities management as an alternative to traditional procurement. Also looks at extent and scope of PPP projects in the UK and predicts the future of PPP within facilities management. Article based on research conducted by Turner and Townsend. Article concludes that PPP will be probably be part of a company's range of contracts in their portfolio rather than a company's sole interest.
590 _aABS
650 _aPUBLIC PRIVATE PARTNERSHIPS
650 _aProcurement-old
650 _aFACILITIES MANAGEMENT MARKET
650 _aContracts
_96232
690 _aMANAGEMENT-FACILITIES MANAGEMENT
942 _n0
999 _c68086
_d68086